000 00198 a2200097 4500
001 11183
100 _aKhushwant, Singh
245 _aThe Sikhs
260 _a
_bGeorge Allen
_c
090 _c8737
_d8737
942 _aNUST-CAE
_c35530
_cM
999 _c246256
_d246256